Side effects of drugs annual. 16.
| Format: | Book |
|---|---|
| Language: | English |
| Published: |
Amsterdam :
Excerpta medica,
1993.
|
| Online Access: | Full Text via HEAL-Link |
| LEADER | 00557nam a2200181 4500 | ||
|---|---|---|---|
| 001 | ocn320717740 | ||
| 003 | OCoLC | ||
| 005 | 20180501121920.0 | ||
| 008 | 990630s1993 ne f 000 0 eng d | ||
| 040 | |a OLZ |b cze |c OLZ |d OCLCQ |d GrThAP | ||
| 020 | |a 0444896570 |q (váz) | ||
| 020 | |a 9780444896575 |q (váz) | ||
| 035 | |a (OCoLC)320717740 | ||
| 049 | |a TEFA | ||
| 245 | 0 | 0 | |a Side effects of drugs annual. |n 16. |
| 260 | |a Amsterdam : |b Excerpta medica, |c 1993. | ||
| 300 | |a 24, 622 s | ||
| 856 | 4 | 0 | |u https://www.sciencedirect.com/science/bookseries/03786080/16 |z Full Text via HEAL-Link |